000 00545nam a22001817a 4500
999 _c5343
_d5343
003 GBCCL
005 20241126110539.0
008 180315b ||||| |||| 00| 0 eng d
040 _cgbc
082 _aVER 230
_bTUN
100 _aTungnung,Henkhothang
_99631
245 _aKhristian Thugin Poimawte:
_bThe Fundamentals of Christian Faith /
_cHenkhothang Tungnung
260 _aChurachandpur:
_bZomi Colony Bible Church,
_c2005
300 _a326 p.;
_c21 cm.
650 _aChristian Doctrines
_99632
650 _aTheology
_9631
942 _2ddc
_cBK
_02